| 000 | 01235nam a2200301 i 4500 | ||
|---|---|---|---|
| 003 | OSt | ||
| 008 | 230102s2021 enk g 000 f eng d | ||
| 020 |
_a9780008402563 _cRM49.95 _qpaperback |
||
| 040 |
_aPPAK _beng _cPPAK _erda |
||
| 082 | 0 | 4 |
_223 _a823.92 |
| 090 | 0 | 0 |
_a823.92 _bNOR _dG |
| 100 | 1 |
_aNorthedge, Charlotte, _eauthor. |
|
| 245 | 1 | 0 |
_aThe House Guest / _cCHARLOTTE NORTHEDGE |
| 250 | _aEdition 2022 | ||
| 264 | 1 |
_aLondon : _bHarperCollinsPublishers, _c2021 |
|
| 300 |
_ax, 340 pages ; _c20 cm. |
||
| 336 |
_atext _2rdacontent |
||
| 337 |
_aunmediated _2rdamedia |
||
| 338 |
_avolume _2rdacarrier |
||
| 520 | _aWhen Kate moves to London after the disappearance of her sister, she's in need of a friend. A chance meeting leads Kate to Della, a life coach. Della takes a special interest in Kate, and Kate soon finds herself entangled in Della's life. It's only when she realises that she's in too deep that Della's veneer begins to crumble | ||
| 650 | 1 | 0 |
_aFemale friendship _vFiction |
| 650 | 1 | 0 |
_aPersonal coaching _vFiction. |
| 650 | 2 | 0 |
_aMissing persons _vFiction |
| 651 | 0 |
_aLondon (England) _vFiction. |
|
| 655 | 7 |
_aThrillers (Fiction) _2lcgft |
|
| 655 | 7 |
_aPsychological fiction. _2lcgft |
|
| 942 |
_2ddc _cB |
||
| 999 |
_c190902 _d190902 |
||